Discrete-time signal processing / (Record no. 175627)

000 -LEADER
fixed length control field 01189 a2200217 4500
003 - CONTROL NUMBER IDENTIFIER
control field Nust
005 - DATE AND TIME OF LATEST TRANSACTION
control field 20230126081106.0
010 ## - LIBRARY OF CONGRESS CONTROL NUMBER
LC control number 88025562
020 ## - INTERNATIONAL STANDARD BOOK NUMBER
International Standard Book Number 013216292X
040 ## - CATALOGING SOURCE
Transcribing agency Nust
082 00 - DEWEY DECIMAL CLASSIFICATION NUMBER
Classification number 621.38,
100 1# - MAIN ENTRY--PERSONAL NAME
Personal name Oppenheim, Alan V.,
9 (RLIN) 69572
245 10 - TITLE STATEMENT
Title Discrete-time signal processing /
Statement of responsibility, etc. Alan V. Oppenheim, Ronald W. Schafer.
260 ## - PUBLICATION, DISTRIBUTION, ETC.
Place of publication, distribution, etc. Englewood Cliffs, N.J. :
Name of publisher, distributor, etc. Prentice Hall,
Date of publication, distribution, etc. c1989.
300 ## - PHYSICAL DESCRIPTION
Extent xv, 879 p. :
Other physical details ill. ;
Dimensions 25 cm.
440 #0 - SERIES STATEMENT/ADDED ENTRY--TITLE
Title Prentice-Hall signal processing series
9 (RLIN) 102988
505 ## - FORMATTED CONTENTS NOTE
Formatted contents note Discrete-Time Signal and System (Page-8), Sampling of Continuous Time Signals (Page-80), The Z-Transform (Page-149), Transform Analysis of Linear Time-Invariant Systems (Page-202), Structures for Discrete Time Systems (Page-290), Filter Design Techniques (Page-403), The Discrete Fourier Transform (Page-514), Computation of the Discrete Fourier Transform (Page-581), Discrete Hilbert Transform (Page-662), Fourier Analysis of Signals using the Discrete Fourier Transform (Page-695), Cepstrum Analysis and Homomorphic Deconvolution (Page-768).
650 #0 - SUBJECT ADDED ENTRY--TOPICAL TERM
Topical term or geographic name entry element Telecommunication Engineering.
700 1# - ADDED ENTRY--PERSONAL NAME
Personal name Schafer, Ronald W.,
Dates associated with a name 1938-
9 (RLIN) 83396
942 ## - ADDED ENTRY ELEMENTS (KOHA)
Source of classification or shelving scheme
Koha item type Book
Holdings
Withdrawn status Lost status Source of classification or shelving scheme Damaged status Not for loan Permanent Location Current Location Shelving location Date acquired Full call number Barcode Date last seen Price effective from Koha item type Public note
          Military College of Signals (MCS) Military College of Signals (MCS) General Stacks 12/12/2016 621.38,OPP MCS28688 12/08/2016 12/12/2016 Book Almirah No.30, Shelf No.6
© 2023 Central Library, National University of Sciences and Technology. All Rights Reserved.